000 00604nam#a22002175a#4500
001 722
008 080708s2007####ag#a###g######000#0dspa#d
245 1 0 _aEl fantasma de Canterville :
_by otros cuentos /
_cOscar Wilde.
250 _a1ª ed.
260 _aBuenos Aires :
_bMinisterio de Educación, Ciencia y Tecnología de la Nación,
_c[2007-?]
300 _a34 p. :
_bil. ;
_c31 cm.
490 0 _aLibros ilustrados
100 1 _aWilde, Oscar.
080 _a82.311
084 _aE35
653 _aLiteratura
040 _aAR-ClEAG
_cAR-ClEAG
005 20241107184644.0
003 AR-ClEAG
942 _cBK
999 _c722
_d722
980 _62
_aEvangelina Gallicchio
_82
_gEvangelina Gallicchio